Statistics for Female British Birds

Click here to take the quiz!

General Stats

  • This quiz has been taken 8 times
  • The average score is 13 of 16

Answer Stats

Answer% Correct
Blackcap
100%
Bullfinch
100%
Kestrel
100%
Redstart
100%
Sparrowhawk
100%
Tufted duck
100%
Chaffinch
86%
Crossbill
86%
Grey wagtail
86%
Pochard
86%
Gadwall
71%
Red-backed shrike
57%
Siskin
57%
Stonechat
57%
Wheatear
57%
Capercaillie
29%

Score Distribution

Percentile by Number Answered

Percent of People with Each Score

Your Score History

You have not taken this quiz